Представление документа в формате RUSMARC

ПолеНазваниеЗначение
  Тип записи a
  Библиографический уровень a
001 Контрольный номер RU/CBS_Ul/BASE/541097401
005 Дата корректировки 20240209175210.3
100 Данные общей обработки __
a Данные общей обработки 20170222d2017 ||| 0rusy0189 ca
101 Язык документа 0_
a Язык текста rus
102 Страна публикации __
a Страна публикации RU
105 Кодированные данные (монография) __
a Кодированные данные (монография) y###||||000|y
200 Заглавие и сведения об ответственности 1_
a Заглавие Все врут календари?
b Общее обозначение материала Текст
e Сведения, относящиеся к заглавию [биография календаря]
f Первые сведения об ответственности С. Шаповалова
300 Общие примечания __
a Общие примечания Ограничения по возрасту - 16+
461 Уровень набора _0
1 2000
a Клуб
463 Уровень физической единицы _0
1 001RU/CBS_Ul/BASE/538929243
1 2000
a № 1
v С. 28-30 : цв. ил.
1 210
d 2017
606 Тематические рубрики 0_
a Основная рубрика Календари - История
610 Ключевые слова 0_
a Ключевые слова календари
a Ключевые слова юлианский календарь
a Ключевые слова календарь юлианский
a Ключевые слова восточный календарь
a Ключевые слова календарь восточный
a Ключевые слова календарь Майя
a Ключевые слова календари русские
a Ключевые слова григорианский календарь
a Ключевые слова календарь григорианский
a Ключевые слова реформа календарная
a Ключевые слова Стоунхендж
a Ключевые слова лунный календарь
a Ключевые слова календарь лунный
686 Индексы других классификаций __
a Классификационный индекс 22.61
2 Код системы ББК
700 Автор _1
a Фамилия Шаповалова
b Имя (инициалы) С.
801 Источник записи _0
a Страна RU
b Организация МБУК ЦБС г. Ульяновска
c Дата составления 20170222
g Правила каталогизации RCR
801 Источник записи _1
a Страна RU
b Организация МБУК ЦБС г. Ульяновска
c Дата составления 20170222
g Правила каталогизации RCR
901 Тип документа __
t Тип документа b
w Контрольный № источника RU/CBS_Ul/BASE/538929243
910 Корректоры записи __
a Корректор записи Библиотека 1
938 Служебная информация __
a Имя БД period